000 00343nam a22001457a 4500
003 OSt
005 20220125112853.0
008 220125b |||||||| |||| 00| 0 eng d
020 _a0070589348
040 _cHU
082 _a620.112
100 _aNash William A.
_928542
245 _aStatics and Mechanics of Materials
942 _2ddc
_cBOOKS
_n0
999 _c27758
_d27758